Nový zákon o sociálnom poistení a mzdové účtovníctvo

V článku sú rozobrané tie ustanovenia nového zákona č. 461/2003 Z.z., ktoré sa týkajú praxe mzdovej účtárne.

Guardado en:
Detalles Bibliográficos
Autor principal: Mihál, Jozef
Formato: Capítulo de libro
Lenguaje:eslovaco
Materias:
Etiquetas: Agregar Etiqueta
Sin Etiquetas, Sea el primero en etiquetar este registro!

MARC

LEADER 00000naa$a2200000$$$4500
001 0003421
005 20230927072215.5
041 0 |a slo 
044 |a SK 
245 1 0 |a Nový zákon o sociálnom poistení a mzdové účtovníctvo  |c aut. Jozef Mihál 
520 |a V článku sú rozobrané tie ustanovenia nového zákona č. 461/2003 Z.z., ktoré sa týkajú praxe mzdovej účtárne. 
610 2 0 |a zákony 
610 2 0 |a novelizácia 
610 2 0 |a poistenie sociálne 
610 2 0 |a účtovníctvo mzdové 
610 2 0 |a 2003 
100 1 |a Mihál, Jozef